| 000 | 00828cab a2200265 4500 | ||
|---|---|---|---|
| 001 | WB2845-39 | ||
| 008 | 090401t1992 xxu||||| |||| 00| 0 eng d | ||
| 035 | _a(Sirsi) u63587 | ||
| 041 | _aeng | ||
| 245 | _aEBRD strategy for Uzbekistan | ||
| 260 | _c1992 | ||
| 350 | _a0 | ||
| 490 |
_aEuropean Bank for Reconstuction & Development News Release _v16 November 1992 (4) |
||
| 520 | _aThe European Bank for Reconstruction and Development has published its strategy to assist Uzbekistan`s move towards democracy and a free market. | ||
| 650 | _aAGRICULTURE | ||
| 650 | _aEBRD | ||
| 650 | _aEUROPEAN BANK FOR RECONSTRUCTION AND DEVELOPMENT | ||
| 650 |
_aInfrastructure _96246 |
||
| 650 | _aTOURISM | ||
| 650 | _aTRANSPORT | ||
| 650 | _aUZBEKISTAN | ||
| 690 | _aOVERSEAS-EUROPE | ||
| 942 | _n0 | ||
| 948 | _c04/03/1997 | ||
| 999 |
_c39528 _d39528 |
||